=LDR 00000nam 2200000 4500 =001 INLIS000000000008143 =005 20130612100042 =008 ***********************************Ind** =035 ##$$a0010-061300000008143 =041 ##$$a Ind =082 ##$$a 658.403 801 =090 ##$$a 658.403 801, Gas g =100 ##$$a Gasperz, Vincent =245 ##$$a Sistem informasi manajemen, suatu pengantar, Vincent Gasperz, MS =260 ##$$a 1994 $b Bandung =300 ##$$a 19 hlm, ilus, 21 cm =650 ##$$a manajemen informasi =850 ##$$a NBPNMAT =990 ##$$a 21194909/BPAP-NTB/2014